000 00630nam a2200205Ia 4500
005 20250508160402.0
008 008 250505s9999 xx 000 0 eng d
037 _aTextual
040 _aFEDL
_beng
_cFEDL
041 _aeng
_2eng
084 _a507, ASS
_qFEDL
245 0 _aTeaching of science in secondary schools
245 0 _cAssociation for Science Education; Assistant Masters Association; Association ofo Assistant Mistresses
250 _a3
260 _aLondon, UK
_bJohn Murray
_c1970
300 _avi,245p.
650 _aScience education
942 _cTEXL
_h507, ASS
999 _c1364269
_d1364269